[Event "Ch Russia (juniors) (under 20)"]
[Site "masterchessopen.com - Essentuki (Russia)"]
[Round "5"]
[White "Gazarian Aram (RUS)"]
[Black "Kosintseva Nadezhda (RUS)"]
[Result "1-0"]
[WhiteElo "2517"]
[BlackElo "2446"]

{ Kosintseva Nadezhda (RUS) +2 =1 -0 } 1.Nf3 { 1 } 1...f5 2.g3 Nf6 3.Bg2 g6
4.O-O Bg7 5.c4 O-O 6.Nc3 d6 7.d4 c6 { ?/= } 8.Qb3 ( 8.d5 e5 9.dxe6 Bxe6 10.b3
Na6 11.Ng5 Qe7 12.Ba3 Rad8 13.Nxe6 Qxe6 14.e3 Rfe8 15.Qc2 Nc5 16.Rad1 Nce4
17.Nxe4 Nxe4 18.Rd3 Rd7 19.Rfd1 Red8 20.Bb2 Nc5 21.Rd4 Qe7 22.R4d2 Ne4 23.Rd4
Nc5 24.R4d2 Ne4 { 1/2-1/2, Bareev Evgeny 2690 - Agrest Evgenij 2545 , New York
1998 It (open) } ) ( 8.b3 Qc7 9.Ba3 a5 10.Rc1 Na6 11.Qd2 Bd7 12.Rfe1 Nb4
13.Bb2 e5 14.a3 Na6 15.dxe5 dxe5 16.Nb5 cxb5 17.cxb5 Nc5 18.Bxe5 Qb6 19.Bxf6
Bxf6 20.Qd5+ Ne6 21.Qxd7 Rad8 22.Rc6 Rxd7 23.Rxb6 Nc5 24.b4 axb4 25.axb4 Ne4
26.e3 Kf7 27.h4 Rb8 { ...1-0, Karpov Anatoly 2755 - Jussupow Artur 2610 ,
Linares 1989 It } ) ( 8.Qc2 a5 9.b3 Na6 10.Bb2 Qc7 11.Rad1 Kh8 12.Qb1 e5
13.dxe5 dxe5 14.e4 f4 15.Ne2 Re8 16.gxf4 exf4 17.e5 Ng4 18.Nxf4 Bf5 19.Qa1 Nb4
20.e6 Rad8 21.h3 Nh6 22.Ng5 Nc2 23.Bxg7+ Qxg7 24.Qxg7+ Kxg7 25.c5 Rd4 26.Rxd4
Nxd4 27.Rd1 Nxe6 { ...1-0, Kozul Zdenko 2575 - Osiecki Stanislaw 2220 , Pula
1994 It (open) (PCA) } ) ( 8.Re1 Ne4 9.Qc2 Nxc3 10.bxc3 e5 11.dxe5 dxe5 12.Ba3
Re8 13.Rad1 Qf6 14.e4 f4 15.Rd6 Be6 16.Bh3 fxg3 17.hxg3 Na6 18.Bxe6+ Rxe6
19.Rxe6 Qxe6 20.Qb3 b5 21.cxb5 Qxb3 22.axb3 cxb5 23.Rd1 Rc8 24.Rd7 h6 25.Rxa7
Nc5 26.Bxc5 Rxc5 27.Nh4 Rxc3 { ...1/2-1/2, Neverov Valeriy 2560 - Malaniuk
Vladimir P 2615 , Minsk 1997 It (open) } ) ( 8.Rb1 Ne4 9.Nxe4 fxe4 10.Nd2 d5
11.e3 Be6 12.b4 b5 13.cxb5 cxb5 14.a4 bxa4 15.Qxa4 Nd7 16.Qa2 Bf7 17.Bb2 e5
18.Qa1 Qe7 19.Nb3 Nb6 20.Na5 Be8 21.dxe5 Bb5 22.Rfd1 Rac8 23.Rbc1 Qxb4 24.Bc3
Qe7 25.Bh3 Bd7 26.Bxd7 Qxd7 27.Bd4 Qe6 { ...1/2-1/2, Beliavsky Alexander G
2645 - Spraggett Kevin 2560 , Elista 1998 Olympiad } ) ( 8.Bg5 Ne4 9.Nxe4 fxe4
10.Ne1 d5 11.Nc2 h6 12.Be3 Bf5 13.cxd5 cxd5 14.Qd2 Kh7 15.Rac1 { 1/2-1/2,
Vajda Levente 2489 - Grunberg Mihai 2472 , Bucharest 2001 It (cat.8) } ) (
8.Bf4 h6 9.Qc2 Qe8 10.d5 g5 11.Bd2 Qh5 12.e3 c5 13.a3 Nbd7 14.Nb5 Ne8 15.Bc3
Ne5 16.Nxe5 dxe5 17.d6 exd6 18.Rad1 Qg6 19.Qd2 f4 20.exf4 gxf4 21.Qd5+ Rf7
22.Nxd6 Nxd6 23.Qxd6 Qxd6 24.Rxd6 f3 25.Rd8+ Kh7 26.Bh3 Bxh3 27.Rxa8 Bxf1 {
...1/2-1/2, Stahlberg Gideon 2600 - Nei Iivo 2495 , Yerevan 1965 It "Central
Chess Club" } ) 8...Kh8 9.Rd1 ( 9.d5 Qc7 10.e4 Na6 11.Be3 e5 12.Rad1 Ng4
13.Bc1 Nc5 14.Qc2 a5 15.b3 Rb8 16.a3 fxe4 17.Nxe4 Bf5 18.Nh4 Bxe4 19.Bxe4 Nxe4
20.Qxe4 Nf6 21.Qd3 cxd5 22.cxd5 b5 23.Bb2 Qb7 24.Ng2 Rbc8 25.Ne3 Rc5 26.b4
axb4 27.axb4 Rcc8 28.Rc1 Bh6 { ...1-0, Nemeth Antal 2315 - Horvath Jozsef M
2151 , Szekszard 1993 It (open) } ) 9...Qe8 { } ( 9...Qc7 10.c5 Na6 11.cxd6
exd6 12.d5 Nc5 13.Qc4 Nfe4 14.Nxe4 fxe4 15.Ng5 b5 16.Qc2 cxd5 17.Rxd5 Bb7
18.Rd1 Qe7 19.Bf4 Rad8 20.f3 d5 21.fxe4 h6 22.exd5 hxg5 23.d6 Qf7 24.Be3 Bxg2
25.Qxc5 Ba8 26.Qxa7 Qe6 27.Bd4 Rd7 28.Bxg7+ Rxg7 29.d7 { ...0-1, Stone Raymond
2340 - Bosch Jeroen 2433 , Hertogenbosch 1999 It (cat.7) } ) 10.Qa3 { N } (
10.d5 Na6 11.Bd2 ( 11.Be3 c5 12.Ng5 Nc7 13.h4 h6 14.Nh3 Ng4 15.Bf4 Rb8 16.a4
a6 17.a5 b5 18.axb6 Na8 19.Na4 Nxb6 20.Nxb6 Qd8 21.Qc2 Qxb6 22.Ra2 Qb3 23.Qxb3
Rxb3 24.Bf3 Kh7 25.Rd3 Rxb2 26.Rxb2 Bxb2 27.Rb3 Bf6 28.Rb8 Bc3 29.Ra8 Rd8 {
...0-1, Johansson Per 2041 - Djurhuus Rune 2469 , Gausdal 2001 It (open)
"Troll Masters" } ) 11...Nc5 12.Qa3 Bd7 13.Rac1 a5 14.Be3 Nce4 15.Nxe4 fxe4
16.Ng5 cxd5 17.cxd5 b5 18.Nxe4 Nxe4 19.Bxe4 b4 20.Qd3 Bxb2 21.Rc7 Bb5 22.Qc2
Bg7 23.Rc1 Qf7 24.h4 Qf6 25.h5 gxh5 26.Rd1 h4 27.g4 a4 28.g5 Qe5 29.Bxh7 b3 {
...0-1, Preuschoff Michael 2285 - Kalinitschew Sergey 2495 , Germany 1993
Bundesliga (2nd) North 1992/93 } ) ( 10.Ne1 e5 11.dxe5 dxe5 12.e4 Na6 13.Nd3
Qe7 14.Qa4 fxe4 15.Nxe4 Bf5 16.Bg5 Rad8 17.Qa5 h6 18.Bxf6 Bxf6 19.Ndc5 Nxc5
20.Qxc5 Bxe4 21.Qxe7 Bxe7 22.Bxe4 Bc5 23.Rxd8 Rxd8 24.Rc1 { 1/2-1/2,
Boross-Harmer Peter 2045 - Nash Barry, Toronto 1997 It (open) } ) ( 10.Bf4 h6
11.h4 Nbd7 12.e4 Nxe4 13.Nxe4 fxe4 14.Ne1 Nf6 15.Qe3 Kh7 16.d5 Bf5 17.Qb3 Qd7
18.Nc2 Bh3 19.Ne3 Bxg2 20.Nxg2 Qh3 21.Qe3 Kg8 22.f3 exf3 23.Qxf3 Ng4 24.Ne3
Rxf4 25.Qxf4 Qh2+ 26.Kf1 Rf8 27.Qxf8+ Bxf8 28.Nxg4 Qh3+ 29.Kf2 Qxg4 { ...0-1,
Yangel Anna 2015 - Kosteniuk Alexandra 2275 , Elista 1997 Ch Russia (w) } )
10...Na6 11.b4 { N } 11...Nc7 12.Rb1 Bd7 13.d5 h6 14.Nd4 e5 15.dxe6 Nxe6
16.Nxe6 Qxe6 17.Bf4 Qxc4 18.Rxd6 a6 19.Na4 Rae8 20.Nb6 Qf7 21.Bxh6 Bxh6
22.Rxf6 Qxf6 23.Nxd7 Qd4 24.Nxf8 Rxe2 { ?! } ( 24...Bxf8 { !? } 25.e3 Qc4
26.Qb2+ Bg7 { } ) 25.Nxg6+ Kg7 26.Rf1 Kxg6 27.Qb3 Qd2 28.Bf3 { ?! } ( 28.Qg8+
{ !? } 28...Bg7 29.a3 Qa2 30.Qb8 { } ) 28...Re1 { ? } ( { ? } 28...Qxa2 29.Qc3
Bg7 30.Qd3 Re7 { } ) 29.Bh5+ Kxh5 30.Qf7+ Kg5 31.f4+ { } {#r} 1-0

[Event "It (open)"]
[Site "masterchessopen.com - Faaker-See (Austria)"]
[Round "4"]
[White "Schott Guido (GER)"]
[Black "Sgaravatti Francesco (ITA)"]
[Result "0-1"]
[WhiteElo "2192"]
[BlackElo "2136"]

1.Nf3 f5 2.g3 Nf6 3.Bg2 g6 4.d4 Bg7 5.c4 O-O 6.Nc3 c6 7.O-O d6 8.Rb1 a5 9.a3
Qc7 10.Bf4 Nh5 11.Bd2 e5 12.dxe5 dxe5 13.e4 f4 14.Qb3 Qe7 15.Ne2 g5 16.gxf4
exf4 17.Ne1 g4 18.f3 g3 19.Nd3 Qh4 20.hxg3 fxg3 21.c5+ Kh8 22.Rfc1 Qh2+ 23.Kf1
Bh3 24.Ne1 Qh1+ 25.Ng1 Bxg2+ 26.Nxg2 Be5 27.Ne3 Nf4 28.Bc3 g2+ 29.Kf2 Qh4# 0-1

[Event "Ch France (team) (2) 2002/03"]
[Site "masterchessopen.com - France"]
[Round "8"]
[White "Wauters Alain (FRA)"]
[Black "Hodot Yves (FRA)"]
[Result "1-0"]
[WhiteElo "2227"]
[BlackElo "2034"]

1.Nf3 f5 2.g3 g6 3.Bg2 Bg7 4.c4 Nf6 5.Nc3 c6 6.d4 d6 7.O-O O-O 8.Qc2 Na6 9.Rd1
Qe8 10.b3 Bd7 11.Bb2 b5 12.cxb5 cxb5 13.b4 h6 14.a3 Qf7 15.Ne5 dxe5 16.dxe5
Be6 17.exf6 Bxf6 18.Bxa8 Rxa8 19.Nxb5 Bb3 20.Qc6 Bxb2 21.Qxa8+ Kh7 22.Qxa7 Qe6
23.Nd4 Bxd4 24.Rxd4 Ba4 25.Rd3 f4 26.Rd8 h5 27.Qd4 Kh6 28.Rh8+ Kg5 29.Qxf4#
1-0

[Event "It (open)"]
[Site "masterchessopen.com - Helmond (Netherlands)"]
[Round "5"]
[White "Venis Ruben (NED)"]
[Black "Van Der Heijden Anton (NED)"]
[Result "0-1"]
[WhiteElo "2222"]
[BlackElo "2239"]

1.Nf3 c6 2.c4 f5 3.d4 Nf6 4.g3 g6 5.Bg2 Bg7 6.O-O O-O 7.Nc3 d6 8.d5 e5 9.dxe6
Bxe6 10.b3 h6 11.Bb2 Na6 12.Qc2 Qe7 13.Rad1 Rad8 14.Nh4 Qf7 15.Rd2 Rd7 16.Rfd1
Rfd8 17.Nd5 Bxd5 18.cxd5 Nb4 19.Qc4 Nbxd5 20.Bxf6 Nxf6 21.Qa4 a6 22.e4 fxe4
23.Bh3 d5 24.Bxd7 Nxd7 25.Qb4 Ne5 26.Rf1 g5 27.f4 Rf8 28.Qxf8+ Qxf8 29.fxe5
Qc5+ 30.Kg2 {#R} 0-1

[Event "It (open)"]
[Site "masterchessopen.com - Jersey"]
[Round "5"]
[White "Almond Richard (ENG)"]
[Black "Ashby Anthony (ENG)"]
[Result "1-0"]
[WhiteElo "2158"]
[BlackElo "2226"]

1.d4 f5 2.g3 g6 3.Bg2 Bg7 4.c4 Nf6 5.Nc3 d6 6.Nf3 c6 7.O-O O-O 8.Re1 Ne4 9.Qd3
Qa5 10.Nxe4 fxe4 11.Qxe4 Rxf3 12.exf3 e5 13.dxe5 Bf5 14.Qe2 dxe5 15.Bd2 Qc7
16.Bc3 Nd7 17.Rad1 Rf8 18.Qe3 b6 19.Qd2 h5 20.Qd6 Qc8 21.f4 Re8 22.Bxc6 {#r}
1-0

[Event "Ch Portugal (team)"]
[Site "masterchessopen.com - Lisbon (Portugal)"]
[Round "8"]
[White "Iruzubieta Jesus Maria (ESP)"]
[Black "Costa Joao Guerra (POR)"]
[Result "1-0"]
[WhiteElo "2413"]
[BlackElo "2284"]

1.Nf3 f5 2.c4 Nf6 3.g3 g6 4.Bg2 Bg7 5.d4 O-O 6.O-O d6 7.Nc3 c6 8.d5 e5 9.dxe6
Bxe6 10.Qd3 Qe7 11.Ng5 Bc8 12.Bf4 Rd8 13.Rad1 Bf8 14.b4 h6 15.Nf3 g5 16.Bc1
Ne4 17.Nd4 Nxc3 18.Qxc3 Bg7 19.Qd3 Qf8 20.b5 d5 21.cxd5 cxd5 22.Bh3 g4 23.Bg2
a6 24.a4 axb5 25.axb5 Ra4 26.Be3 Qf7 27.Ra1 Rxa1 28.Rxa1 Nd7 29.Ne6 {#r} 1-0

[Event "Memorial Narciso Yepes (open)"]
[Site "masterchessopen.com - Lorca (Spain)"]
[Round "6"]
[White "Camarena Gimenez Rufino (ESP)"]
[Black "Moreno Tejera Emilio (ESP)"]
[Result "0-1"]
[WhiteElo "2361"]
[BlackElo "2275"]

1.d4 f5 2.g3 Nf6 3.Bg2 g6 4.Nf3 Bg7 5.c4 d6 6.O-O O-O 7.Nc3 c6 8.d5 e5 9.dxe6
Bxe6 10.b3 Na6 11.Bb2 Qe7 12.Nd2 Rad8 13.a3 Nc5 14.Qc2 f4 15.gxf4 Nh5 16.Bf3
Nxf4 17.Kh1 Bf5 18.Qd1 Bh3 19.Rg1 Ncd3 20.exd3 Nxd3 21.Nde4 Nxb2 22.Qe2 d5
23.cxd5 cxd5 24.Nd2 Qxe2 {#R} 0-1

[Event "It (open)"]
[Site "masterchessopen.com - Sevilla (Spain)"]
[Round "7"]
[White "San Jose Candalija Eduardo (ESP)"]
[Black "Morales Francisco (CHI)"]
[Result "1-0"]
[WhiteElo "2124"]
[BlackElo "2075"]

1.c4 f5 2.Nf3 Nf6 3.g3 g6 4.Bg2 Bg7 5.O-O d6 6.d4 O-O 7.Nc3 c6 8.b3 d5 9.Qc2
a5 10.Bf4 Be6 11.Ng5 Bf7 12.Rad1 h6 13.Nxf7 Rxf7 14.f3 g5 15.Be5 Nbd7 16.e4
dxe4 17.fxe4 Ng4 18.Bxg7 Ne3 19.Qc1 Nxd1 20.Bxh6 Nxc3 21.Qxc3 e6 22.Qe3 g4
23.d5 cxd5 24.exf5 dxc4 25.fxe6 Rxf1+ 26.Bxf1 Nb6 27.e7 Qc7 28.e8=Q+ {#r} 1-0

[Event "It (open)"]
[Site "masterchessopen.com - Trevias (Spain)"]
[Round "3"]
[White "Bruned Segura Mario (ESP)"]
[Black "Rodriguez Uria Julio Antonio (ESP)"]
[Result "1-0"]
[WhiteElo "2156"]
[BlackElo "2260"]

1.c4 f5 2.Nf3 Nf6 3.g3 g6 4.Bg2 Bg7 5.O-O d6 6.Nc3 c6 7.d4 O-O 8.Qb3 Kh8 9.Bf4
Ne4 10.Be3 Nxc3 11.bxc3 e5 12.Rad1 Qe7 13.c5 dxc5 14.dxe5 Be6 15.c4 b6 16.Ng5
Bxe5 17.Nxe6 Qxe6 18.Rd3 Nd7 19.Rfd1 Nf6 20.Qa4 Rfc8 21.Qa6 Rc7 22.Bh6 Ng8
23.Rd8 Rxd8 24.Rxd8 Bf6 25.Rb8 Qxe2 26.Bf1 Qe1 27.Be3 Rd7 28.Rxg8+ Kxg8
29.Qc8+ Rd8 30.Qe6+ {#r} 1-0

[Event "It \"]
[Site "masterchessopen.com - Mehlingen (Germany)"]
[Date "2003.06.19"]
[Round "1"]
[White "Hauck Bjoern (GER)"]
[Black "Gietzen Daniel (GER)"]
[Result "1-0"]
[WhiteElo "1893"]
[BlackElo "1873"]

1.Nf3 f5 2.g3 Nf6 3.Bg2 g6 4.c4 d6 5.d4 Bg7 6.O-O O-O 7.Nc3 c6 8.d5 e5 9.Rb1
Qe7 10.b4 Nbd7 11.Ng5 e4 12.Ne6 Ne5 13.Nxg7 Kxg7 14.c5 Rd8 15.dxc6 Nxc6 16.Nd5
Nxd5 17.Qxd5 Be6 18.Bb2+ Kf7 19.Qd2 g5 20.Rbd1 dxc5 21.Qc3 Kg6 22.bxc5 Bxa2
23.Rd6+ Rxd6 24.cxd6 Qf7 25.g4 Be6 26.f4 h6 27.fxg5 hxg5 28.gxf5+ Bxf5 29.Bxe4
{#r} 1-0

[Event "Memorial Karl Mala (open)"]
[Site "masterchessopen.com - Griesheim (Germany)"]
[Date "2003.07.24"]
[Round "1"]
[White "Hoehn Michael (GER)"]
[Black "Weiland Thomas (GER)"]
[Result "1-0"]
[WhiteElo "2133"]
[BlackElo "1999"]

1.Nf3 f5 2.d4 Nf6 3.c4 g6 4.Nc3 Bg7 5.g3 d6 6.Bg2 O-O 7.O-O c6 8.Qc2 Na6 9.Bg5
Qe8 10.d5 Bd7 11.Rad1 Rc8 12.Nd4 cxd5 13.cxd5 Nc5 14.Qb1 h6 15.Bd2 Ng4 16.Be1
g5 17.h3 Ne5 18.f4 gxf4 19.gxf4 Ng6 20.e3 Bf6 21.Kh2 Bh4 22.Bd2 Kh8 23.Bf3 Bf6
24.Bh5 Bxd4 25.exd4 Rg8 26.dxc5 {#r} 1-0

[Event "Tournament (open)"]
[Site "masterchessopen.com - Corsico (Italy)"]
[Date "2003.10.04"]
[Round "1"]
[White "De-Santis Massimo (ITA)"]
[Black "Murgia Andrea (ITA)"]
[Result "1-0"]
[WhiteElo "1961"]
[BlackElo "2099"]

1.d4 f5 2.Nf3 Nf6 3.c4 d6 4.Nc3 g6 5.g3 Bg7 6.Bg2 O-O 7.O-O c6 8.Bg5 Nbd7
9.Qc1 e5 10.dxe5 dxe5 11.Rd1 Qe8 12.Bh6 e4 13.Nd4 Bxh6 14.Qxh6 Ne5 15.Qc1 Be6
16.b3 Rd8 17.Qf4 Bc8 18.Nc2 Qe7 19.h3 Nh5 20.Qe3 f4 21.gxf4 Nxf4 22.Rxd8 Qxd8
23.Nxe4 Qh4 24.Nd4 Bxh3 25.Bf3 Bg4 26.Ng3 Nxf3+ {#r} 1-0

[Event "Ch France (team) (2) 2003/04"]
[Site "masterchessopen.com - France"]
[Date "2003.10.12"]
[Round "1"]
[White "Machin Eric (FRA)"]
[Black "Verlan Sergei (MDA)"]
[Result "0-1"]
[WhiteElo "2187"]
[BlackElo "2285"]

1.Nf3 f5 2.c4 Nf6 3.Nc3 g6 4.g3 Bg7 5.Bg2 O-O 6.O-O d6 7.d4 c6 8.d5 e5 9.dxe6
Bxe6 10.Qd3 Re8 11.Ng5 Nbd7 12.Nxe6 Rxe6 13.Qc2 a5 14.b3 Ne4 15.Bxe4 fxe4
16.Bb2 Qe7 17.Nd1 Rf8 18.Bxg7 Qxg7 19.Nc3 Qe5 20.Rad1 Nf6 21.Kg2 Ng4 22.h3
Rxf2+ {#R} 0-1

[Event "It (open) \"]
[Site "masterchessopen.com - Estorial (Portugal)"]
[Date "2003.12.06"]
[Round "2"]
[White "Wanderley Rafaell M (POR)"]
[Black "Silverio Luis (POR)"]
[Result "0-1"]
[WhiteElo "2018"]
[BlackElo "2086"]

1.c4 f5 2.Nc3 Nf6 3.g3 g6 4.Bg2 Bg7 5.d4 O-O 6.Nf3 c6 7.O-O d6 8.b3 Qe8 9.Bb2
e5 10.e3 h6 11.Ba3 e4 12.Nd2 Qe6 13.Rc1 Re8 14.Ne2 g5 15.c5 d5 16.Bb2 Kf7
17.b4 h5 18.a4 Rh8 19.Re1 h4 20.Nf1 Na6 21.Qb3 Bd7 22.Red1 Nc7 23.Rc3 hxg3
24.Nfxg3 Rag8 25.h3 Bh6 26.Bc1 Ke7 27.Kf1 Kf7 28.Ke1 Nfe8 29.Bd2 {#R} 0-1

[Event "Tournament (Elo) (b)"]
[Site "masterchessopen.com - Scotland"]
[Round "8"]
[White "Campbell Alistair (SCO)"]
[Black "Burnett Walter (SCO)"]
[Result "0-1"]
[WhiteElo "1989"]
[BlackElo "2036"]

1.d4 f5 2.c4 Nf6 3.Nf3 g6 4.g3 Bg7 5.Bg2 d6 6.O-O O-O 7.Nc3 c6 8.b3 Qe8 9.Bb2
Na6 10.Re1 e5 11.dxe5 dxe5 12.e4 fxe4 13.Nxe4 Nxe4 14.Rxe4 Bf5 15.Re3 Nb4
16.Nh4 Rd8 17.Qe2 Bd3 18.Qd2 a5 19.a3 Nc2 20.Rxd3 Nxa1 21.Bxa1 Rxd3 22.Qxd3 e4
23.Qd1 Bxa1 24.Qxa1 g5 25.Qd4 gxh4 26.Bxe4 h3 27.Bd3 Qh5 28.Qe4 Re8 29.Qf4
Re1+ 30.Bf1 Rxf1+ 31.Kxf1 Qd1# 0-1

[Event "Bayern Landesliga North 2003/04"]
[Site "masterchessopen.com - Bayern (Germany)"]
[Date "2004.02.15"]
[Round "6"]
[White "Schaeffner Claus (GER)"]
[Black "Frieser Klaus (GER)"]
[Result "0-1"]
[WhiteElo "2162"]
[BlackElo "2150"]

1.d4 f5 2.c4 Nf6 3.Nc3 g6 4.Nf3 Bg7 5.g3 O-O 6.Bg2 d6 7.O-O c6 8.b3 Qc7 9.Ba3
Rd8 10.Qc2 e5 11.dxe5 dxe5 12.Rad1 e4 13.Ng5 h6 14.Nh3 Be6 15.f3 Na6 16.Nf4
Bf7 17.fxe4 Ng4 18.Rxd8+ Rxd8 19.Nd1 Qb6+ 20.Kh1 Qa5 21.Be7 Rd2 22.b4 Qxb4
23.Bxb4 Rxc2 24.Be7 g5 25.Nd3 fxe4 26.Bxe4 Rxe2 27.Bf3 Rxe7 28.Bxg4 Bxc4
29.N1f2 Nb4 {#R} 0-1

[Event "Ch Russia (juniors) (under 16)"]
[Site "masterchessopen.com - Dagomys (Russia)"]
[Round "0"]
[White "Bitkinin Lenar (RUS)"]
[Black "Mukhin Alexander (RUS)"]
[Result "1-0"]
[WhiteElo "2059"]
[BlackElo "2165"]

1.d4 f5 2.c4 Nf6 3.Nc3 d6 4.Nf3 g6 5.g3 Bg7 6.Bg2 c6 7.O-O O-O 8.Rb1 Qe8 9.d5
Nfd7 10.e4 Nb6 11.Nh4 fxe4 12.dxc6 bxc6 13.c5 dxc5 14.Nxe4 N8d7 15.Re1 Qf7
16.b3 Bd4 17.Nf3 Bg7 18.Nfg5 Qe8 19.Ne6 Nd5 20.Nxf8 Qxf8 21.Bb2 e5 22.Ng5 Qd6
23.Ne4 Qe7 24.Ba3 Bf8 25.Qd2 Nc7 26.Nc3 Bb7 27.Rbd1 Nb6 28.Ne4 Ne6 29.Bh3 Nd4
30.Bg2 Nd7 31.Rc1 Ne6 32.Qxd7 {#r} 1-0

[Event "Tournament"]
[Site "masterchessopen.com - Switzerland"]
[Round "0"]
[White "Zanetti Bruno (SUI)"]
[Black "Schneider Andre"]
[Result "1-0"]
[WhiteElo "2060"]
[BlackElo "1586"]

1.d4 f5 2.c4 Nf6 3.Nc3 g6 4.g3 Bg7 5.Bg2 O-O 6.Nf3 d6 7.O-O c6 8.d5 Qe8 9.Nd4
Kh8 10.Re1 e5 11.dxe6 Bxe6 12.Nxe6 Qxe6 13.Bf4 Qxc4 14.Qxd6 Na6 15.Rad1 Qc5
16.Qxc5 Nxc5 17.Bd6 Nce4 18.Bxf8 Rxf8 19.Nxe4 Nxe4 20.Bxe4 fxe4 21.Rd7 e3
22.fxe3 {#r} 1-0

[Event "Ch France (team) (nat.3)"]
[Site "masterchessopen.com - France"]
[Date "2004.04.03"]
[Round "8"]
[White "Duport Nicolas (SUI)"]
[Black "Vekemans Denis (FRA)"]
[Result "0-1"]
[WhiteElo "2220"]
[BlackElo "2018"]

1.Nf3 f5 2.g3 Nf6 3.Bg2 g6 4.O-O Bg7 5.d4 O-O 6.c4 d6 7.Nc3 c6 8.b3 Qe8 9.Bb2
Nh5 10.e4 f4 11.e5 Bg4 12.exd6 exd6 13.Qd3 Na6 14.a3 Nc7 15.Rae1 Qd7 16.Ba1
Rf7 17.d5 Raf8 18.dxc6 bxc6 19.Ne4 Bxa1 20.Rxa1 Bf5 21.Nd4 d5 22.Nxf5 Qxf5
23.cxd5 cxd5 24.Nc5 Qg5 25.Rad1 f3 26.h4 Qg4 {#R} 0-1

[Event "It (cat.2)"]
[Site "masterchessopen.com - Budapest (Hungary)"]
[Round "11"]
[White "Berczes David (HUN)"]
[Black "Papatryfonos Constantinos (CYP)"]
[Result "1-0"]
[WhiteElo "2321"]
[BlackElo "2123"]

1.d4 d6 2.Nf3 f5 3.g3 Nf6 4.Bg2 g6 5.O-O Bg7 6.c4 O-O 7.Nc3 c6 8.d5 e5 9.dxe6
Bxe6 10.b3 Ne4 11.Nxe4 fxe4 12.Nd4 Bf5 13.Be3 c5 14.Nxf5 gxf5 15.Qd5+ Rf7
16.Rad1 Nc6 17.Bh3 Be5 18.Bxf5 Ne7 19.Bxh7+ Kg7 20.Qxe4 Qh8 21.f4 Bf6 22.Rxd6
Qxh7 23.Qxh7+ Kxh7 24.Bxc5 Nf5 25.Rd5 b6 26.Bf2 {#r} 1-0

[Event "It (open) (b)"]
[Site "masterchessopen.com - Voronezh (Russia)"]
[Date "2004.06.19"]
[Round "8"]
[White "Grishina Alexandra (RUS)"]
[Black "Bocharnikov Oleg (RUS)"]
[Result "1-0"]
[WhiteElo "2100"]
[BlackElo "1995"]

1.Nf3 f5 2.g3 Nf6 3.Bg2 d6 4.d4 g6 5.O-O Bg7 6.c4 O-O 7.Nc3 c6 8.Qc2 Qc7 9.Rd1
e5 10.dxe5 dxe5 11.Bg5 Be6 12.b3 Na6 13.Rd2 Nc5 14.Nh4 Nh5 15.Rad1 f4 16.Ne4
Nxe4 17.Bxe4 Qf7 18.g4 Nf6 19.Nxg6 Nxe4 20.Nxf8 Nxg5 21.Nxe6 Qxe6 22.f3 e4
23.Rd6 Qe5 24.Rd8+ Rxd8 25.Rxd8+ Bf8 26.Qd1 exf3 27.exf3 Qe3+ 28.Kg2 Ne6
29.Re8 Kf7 30.Qd7+ Kf6 31.g5+ {#r} 1-0

[Event "Memorial Y.Sakharov (open)"]
[Site "masterchessopen.com - Kiev (Ukraine)"]
[Date "2004.07.18"]
[Round "1"]
[White "Golichenko Ilija (UKR)"]
[Black "Lukyanov Mikhail (UKR)"]
[Result "1-0"]
[WhiteElo "2240"]
[BlackElo "2044"]

1.d4 f5 2.c4 Nf6 3.g3 d6 4.Bg2 c6 5.Nc3 g6 6.Nf3 Bg7 7.O-O O-O 8.Re1 Qe8 9.e4
fxe4 10.Nxe4 Nxe4 11.Rxe4 Bf5 12.Re1 Bg4 13.h3 Bxf3 14.Bxf3 Qf7 15.Re3 Qxc4
16.Rxe7 Bxd4 17.Rxb7 Qc5 18.Qe2 Na6 19.Qe7 Qxc1+ 20.Rxc1 Rxf3 21.Qxh7+ Kf8
22.Qh6+ Ke8 23.Qxg6+ Kf8 24.Qxd6+ {#r} 1-0

[Event "Ch Wuerttemberg"]
[Site "masterchessopen.com - Stuttgart (Germany)"]
[Date "2004.09.03"]
[Round "7"]
[White "Latzke Boris Alexander (GER)"]
[Black "Bauer Eckart (GER)"]
[Result "1-0"]
[WhiteElo "2282"]
[BlackElo "2254"]

1.d4 f5 2.c4 Nf6 3.g3 g6 4.Bg2 Bg7 5.Nf3 d6 6.O-O O-O 7.Nc3 c6 8.d5 e5 9.dxe6
Bxe6 10.b3 Na6 11.Bb2 Qe7 12.Nd4 Rad8 13.Nxe6 Qxe6 14.Qc2 Rfe8 15.Rad1 Rd7
16.Rfe1 Nc5 17.e3 Nce4 18.Nxe4 fxe4 19.Re2 d5 20.cxd5 Rxd5 21.Red2 a6 22.Bf1
b5 23.Rxd5 cxd5 24.Rc1 Nd7 25.Bxg7 Kxg7 26.Qc7 Rf8 27.Rc2 Rf6 28.a4 bxa4
29.bxa4 g5 30.Bxa6 Kh6 31.Bc8 {#r} 1-0

[Event "Cup Russia \"]
[Site "masterchessopen.com - Internet"]
[Date "2004.09.30"]
[Round "0"]
[White "Kosyrev Vladimir (RUS)"]
[Black "Starosek Konstantin (RUS)"]
[Result "1-0"]
[WhiteElo "2539"]
[BlackElo "2488"]

1.d4 g6 2.c4 f5 3.Nf3 Bg7 4.g3 Nf6 5.Bg2 O-O 6.O-O d6 7.Nc3 c6 8.b3 a5 9.Bb2
h6 10.Re1 Ne4 11.Qc2 Nxc3 12.Bxc3 Na6 13.a3 Nc7 14.e4 f4 15.e5 g5 16.d5 Bf5
17.Qd2 cxd5 18.exd6 Bxc3 19.dxc7 Bxd2 20.cxd8=Q Rc8 21.Qxe7 {#r} 1-0

[Event "NRW Klasse 2 2004/05"]
[Site "masterchessopen.com - Germany"]
[Date "2004.10.10"]
[Round "1"]
[White "Schmidt Bodo (GER)"]
[Black "Haub Thorsten-Michael (GER)"]
[Result "0-1"]
[WhiteElo "2337"]
[BlackElo "2427"]

1.d4 g6 2.c4 Bg7 3.Nf3 f5 4.g3 Nf6 5.Bg2 O-O 6.O-O c6 7.Nc3 d6 8.Qc2 Nh5 9.e4
e5 10.dxe5 dxe5 11.b3 Qf6 12.Ba3 Re8 13.Rfe1 f4 14.Rad1 Bf8 15.Qb2 Bg4 16.Rd3
Nd7 17.h3 Bxf3 18.Rxf3 Nc5 19.Kh2 Red8 20.Bxc5 Bxc5 21.g4 Ng7 22.b4 Bd4 23.Qb3
Ne6 24.c5 Kg7 25.Ne2 Ng5 26.Nxd4 Rxd4 27.Rd3 Rxd3 28.Qxd3 Rd8 29.Qa3 f3 30.Bf1
Qf4+ 31.Kg1 Rd2 32.Qxa7 Qg3+ {#R} 0-1

[Event "Ch Spain (seniors) (open)"]
[Site "masterchessopen.com - Calvia (Spain)"]
[Date "2004.10.19"]
[Round "8"]
[White "Queralto Roger Esteve (ESP)"]
[Black "Haase Wolfgang (GER)"]
[Result "1-0"]
[WhiteElo "1982"]
[BlackElo "2078"]

1.d4 g6 2.c4 f5 3.g3 Nf6 4.Bg2 Bg7 5.Nf3 d6 6.O-O O-O 7.Nc3 c6 8.Qc2 Na6 9.a3
Qe8 10.Re1 e5 11.dxe5 dxe5 12.e4 fxe4 13.Nxe4 Bf5 14.Nfd2 Nc5 15.Nxf6+ Bxf6
16.Ne4 Nxe4 17.Bxe4 Bxe4 18.Qxe4 Qf7 19.Be3 Rfd8 20.Rad1 Qc7 21.b4 b6 22.c5 b5
23.h4 Rd7 24.Qf3 Rxd1 25.Rxd1 Rd8 26.Rxd8+ Bxd8 27.Bh6 Be7 28.Qb3+ Kh8 29.Qf7
{#r} 1-0

[Event "Ch Ukraine (juniors) (under 16) (1/2 final)"]
[Site "masterchessopen.com - Dnepropetrovsk (Ukraine)"]
[Round "2"]
[White "Artemchuk Taras (UKR)"]
[Black "Udovik Alexander (UKR)"]
[Result "0-1"]
[WhiteElo "2224"]
[BlackElo "2092"]

1.d4 f5 2.g3 Nf6 3.Bg2 g6 4.Nf3 Bg7 5.O-O d6 6.c4 O-O 7.Nc3 c6 8.b3 Na6 9.Bb2
Rb8 10.Qd3 c5 11.Rad1 b6 12.a3 Nc7 13.b4 Ba6 14.Rfe1 Nd7 15.b5 Bb7 16.e4 cxd4
17.Nxd4 Nc5 18.Qe2 Bxd4 19.Rxd4 e5 20.Rdd1 N7e6 21.Nd5 fxe4 22.h4 Nd3 23.Rxd3
exd3 24.Qxd3 Nc5 25.Qe3 Qe8 26.f4 Nd7 27.Bh3 Bxd5 28.cxd5 h5 29.a4 Rb7 {#R}
0-1

[Event "Tournament (qual)"]
[Site "masterchessopen.com - Alzira (Spain)"]
[Date "2004.11.13"]
[Round "3"]
[White "Miquel Badenes Indalecio (ESP)"]
[Black "Rico Ripoll Antonio Javier (ESP)"]
[Result "1-0"]
[WhiteElo "2003"]
[BlackElo "1939"]

1.d4 f5 2.g3 g6 3.Bg2 Nf6 4.Nf3 Bg7 5.O-O O-O 6.c4 d6 7.Nc3 c6 8.d5 e5 9.dxe6
Bxe6 10.Qd3 h6 11.Rd1 d5 12.Nh4 Bf7 13.cxd5 cxd5 14.Nxd5 Nc6 15.Qb5 Ne4 16.Be3
Nd6 17.Qa4 Rc8 18.Bc5 b5 19.Qa6 Kh8 20.Nf4 Ne5 21.Bxd6 {#r} 1-0